Statistiques concernant Scottsbury Culture Quiz 18

Cliquez ici pour prendre le quiz!

Statistiques générales

  • Ce quiz a été pris 30 fois
  • Le résultat moyen est 7 sur 15

Statistiques - réponses

QuestionsIndicesRéponses% Correct
Quelle mer, subdivision de la Méditerranée, porte le nom du père de Thésée dans la mythologie grecque ?La mer É...La mer Égée
100%
Appelés mannes au Québec, quels insectes doivent leur nom à la brièveté de leur vie adulte, ne durant que de un à deux jours seulement ?Les é........Les éphémères
91%
Dans l'alphabet radio de l'OTAN, quel sport est symbolisé par la lettre G ?Le golf
87%
Quel acteur américain interprète le colonel Sam Daniels dans le film "Alerte !", dans lequel le virus mortel Motaba menace la population ?Dustin .......Dustin HOFFMAN
78%
Quel cycliste français, né en 1934, fut le premier cycliste à remporter cinq fois le Tour de France ?Jacques ........Jacques ANQUETIL
61%
Quelle pathologie oculaire se caractérise par une opacification totale ou partielle du cristallin ?La cataracte
57%
Quelle commune du Lot fut popularisée en 1976 par un sketch de Daniel Prévost dans l'émission "Le Petit Rapporteur" ?M......Montcuq
57%
De nom scientifique Populus tremula, quel arbre doit son nom au fait que ses feuilles frémissent au moindre vent ?Le t......Le tremble
43%
Né en Biélorussie en 1887, à quel artiste doit-on les décorations du plafond de l'Opéra Garnier ?Marc CHAGALL
43%
Quelle série télévisée étasunienne, spin-off de la série "L'Homme qui valait 3 milliards", a pour héroïne la femme bionique Jaimie Sommers ?Super Jaimie
22%
Quel personnage de détective privé à vécu sa dernière enquête dans le roman "L'Envahissant cadavre de la plaine Monceau" ?Nestor BURMA
17%
Décédé en 2006 à l'âge de 60 ans, quel guitariste britannique était un des membres fondateurs du groupe Pink Floyd ?Syd B......Syd BARRETT
17%
Quel homme politique centrafricain fut le président de la République centrafricaine avant et après le régime de Jean-Bedel Bokassa ?David D....David DACKO
9%
Ayant reçu le Goya de la meilleure actrice en 2012, qui incarnait la patiente enfermée, servant de cobaye à un chirurgien, dans le film "La piel que habito" d'Almodovar ?Elena A....Elena ANAYA
4%
De son vrai nom Marie Benz, quelle modèle et égérie des surréalistes fut la deuxième épouse du poète Paul Éluard ?N....Nusch
4%

Distribution des résultats

Percentile par nombre de réponses

% des personnes avec chaque résultat

Votre développement - résultats

Vous n’avez pas pris ce quiz